000
00282nam a22001217a 4500
040
_c
NUST
082
_a
891.4393
_b
MAD
100
_a
Madni Chandio
_9
73569
245
_a
Chagi ka Toor
260
_a
Dadu:
_b
Walla tafarqu,
_c
1999.
650
_a
Chagi ka Toor
_9
123415
942
_2
ddc
_c
BK
999
_c
609615
_d
609615